000 00463nam a22001937a 4500
003 MPLRDC
005 20220104153001.0
008 210129b ||||| |||| 00| 0 eng d
020 _a962-577-311-8
082 _a857.7 LXN
100 _a林雪凝
245 _a电话没有改
_c
250 _a第一版
260 _a
_b壹出版有限公司
_c1997
300 _b
490 _a地铁站故事系列
650 _a长篇小说
942 _cBK
_o857.7 LXN
999 _c53190
_d53180